| 000 | 01005cab a2200193 4500 | ||
|---|---|---|---|
| 001 | ABS37950 | ||
| 008 | 090401t1987 xxu||||| |||| 00| 0 eng d | ||
| 035 | _a(Sirsi) u7759 | ||
| 041 | _aeng | ||
| 100 | _aHowarth, W. | ||
| 245 | 4 | _aThe legal status of fish farming | |
| 260 | _c1987 | ||
| 350 | _a0 | ||
| 490 |
_aLaw Society`s Gazette _v84(25) 1 July 1987, 484-496(13) |
||
| 520 | _aTraces the growth and development of fish farming. Examines the difficulty of encouraging expansion of fish farming by removing restrictions and deplores the lack of a single legal definition. Concentrates on four areas of the law : 1) requirements of licensing and registration 2) the power of the Minister of Agriculture to control the spread of disease 3) the Fisheries Act 1981 which removed restrictions impeding development of the industry, and 4) fish farming as agriculture, looks at planning control, rating and water supply to fish farms. | ||
| 690 | _aRURAL PRACTICE | ||
| 942 | _n0 | ||
| 948 | _c04/03/1997 | ||
| 999 |
_c4719 _d4719 |
||